| 000 | 00696nam a2200229Ia 4500 | ||
|---|---|---|---|
| 003 | OSt | ||
| 005 | 20220716103700.0 | ||
| 008 | 210716s1997 xx 000 0 und d | ||
| 020 | _a8173191239 | ||
| 040 | _cAIMIT LIBRARY | ||
| 041 | _aeng | ||
| 082 |
_a515.352 _21 _bBHAJ |
||
| 245 |
_aModelling of complex systems / _cEdited by J K Bhattacharjee and A K Mallik. |
||
| 250 | _a1st ed. | ||
| 260 |
_aNew Delhi : _bNarosa Publishing House , _c1997. |
||
| 300 |
_av,439p. ; _c23 cm. |
||
| 650 |
_aDynamical systems _950320 |
||
| 650 |
_aNonlinear mechanical vibrations _950321 |
||
| 700 |
_aBhattacharjee, J K. _950322 |
||
| 700 |
_aMallik, A K. _950323 |
||
| 942 |
_2ddc _cBK _e1st _k515.352 BHAJ |
||
| 999 |
_c185816 _d185816 |
||